| 000 | 00590nam a22002057a 4500 | ||
|---|---|---|---|
| 999 |
_c17748 _d17748 |
||
| 003 | AR-CdUCM | ||
| 008 | 190509b ||||| |||| 00| 0 spa d | ||
| 040 |
_aMUNICIPALIDAD PROVINCIAL DEL CUSCO _cBIBLIOTECA MUNICIPAL DEL CUSCO |
||
| 041 | _h987-43-1728-0 | ||
| 082 |
_a869.2 / _bE19 |
||
| 100 |
_aEcheverria Baleta, Mario _98774 |
||
| 245 | _aCuentan los Chonkes / | ||
| 260 |
_aSanta Cruz : _c2000 |
||
| 300 |
_a89 paginas ; _c21 cm. |
||
| 505 | _aContenido :Leyendas / | ||
| 650 |
_aLiteratura _983 |
||
| 650 |
_aLeyendas _92226 |
||
| 942 |
_2ddc _cLIBROS |
||
| 945 |
_arjall _d2019-05-09 |
||